Lessons learned for the Visegrad Group?

Rola V4 v situáciach vyžadujúcich krízové riadenie. Účasť V4 v upevňovaní demokracie v Kosove, Afganistane a Ukrajine.

Salvato in:
Dettagli Bibliografici
Autore principale: Klinovský, Karel
Altri autori: Goda, Samuel
Natura: Capitolo di libro
Lingua:inglese
Soggetti:
Tags: Aggiungi Tag
Nessun Tag, puoi essere il primo ad aggiungerne!!

MARC

LEADER 00000naa$a2200000$$$4500
001 0211071
005 20240502073521.4
041 0 |a eng 
044 |a SK 
245 1 0 |a Lessons learned for the Visegrad Group?  |c Karel Klinovský, Samuel Goda 
520 |a Rola V4 v situáciach vyžadujúcich krízové riadenie. Účasť V4 v upevňovaní demokracie v Kosove, Afganistane a Ukrajine. 
610 2 0 |a NATO 
610 2 0 |a Vyšehradská štvorka 
610 2 0 |a manažment krízový 
100 1 |a Klinovský, Karel 
700 1 |a Goda, Samuel